Responses for Show #8590 - Friday, March 4, 2022

Margaret Shelton game 4.

Contestants

[<< previous game]

Adrian Alcalá, a software developer from Great Barrington, Massachusetts

Caitlin McHale, a university marketing manager from Philadelphia, Pennsylvania

Margaret Shelton, a homemaker from Pittsburgh, Pennsylvania (whose 3-day cash winnings total $58,200)

[next game >>]

Jeopardy! Round responses

SAMS CLUB
HISTORY
NOW WE ARE SIX
TRANSPORTATION
THE ELEMENTS OF LITERATURE
ALL THE WAY FROM D TO E
(Ken: Those are the first and the last letters in each correct response.)
    $200 26
(Samuel L.) Jackson

Caitlin
    $200 1
the Spanish Armada

Margaret
    $200 12
Six Flags

Caitlin
    $200 17
(Adrian: [*]. What is [*]?)

stand up paddle

Adrian
    $200 6
(Adrian: Uh, what is Palm Springs?)
(Margaret: What is Vegas? [*]?)

Las Vegas

MargaretAdrian
    $200 9
dialogue

Caitlin
    $400 27
Sam Walton

Margaret
    $400 2
(Adrian: Um, what is mine?)

diamond

Adrian
Triple Stumper
    $400 13
cricket

Margaret
    $400 18
(Ken: Yes, but probably not together.)
[Laughter]

bicycles

Caitlin
    $400 7
(Adrian: What is the Cowardly Lion?)

the Tin Man

Adrian
Triple Stumper
    $400 10
dawdle

Caitlin
    $600 28
Bee

Caitlin
    $1,000 3
(Ken: In Beijing, that is correct.)

the Forbidden City

Margaret
    $600 14
an armadillo

Margaret
    $600 19
a stage sleigh

Adrian
    $600 8
Krypton

Caitlin
    $600 11
decline

Adrian
    $800 29
[NOTE: Sam Smith uses "they/them" pronouns.]

Sam Smith

Margaret
    $800 4
(Ken: Yes, the Minoan civilization.)

King Minos

Margaret
    $800 15
(Margaret: What is the Tao Te Ching?)

the I Ching

MargaretAdrian
    $800 20
a bullet train

Triple Stumper
    $800 24
(Ken: Less than a minute to go.)

The Man in the Iron Mask

Margaret
    $800 22
disenfranchise

Margaret
    $1000 30
(Adrian: Who is Sam Kiniston? [*].)
(Ken: Yes, you corrected before I could.)

Sam Kinison

Adrian
    $1000 5
(Adrian: Uh, what is Teapot Dome?)

the Panic

MargaretAdrian
    $1000 16
Troy

Triple Stumper
    $1000 21
Toyota

Adrian
    $1000 25
Narnia

Caitlin
    $1000 23
defibrillate

Margaret

Scores at the first commercial break (after clue 15):

Margaret Caitlin Adrian
$3,400 $1,400 -$600

Scores at the end of the Jeopardy! Round:

Margaret Caitlin Adrian
$7,200 $3,600 $2,200

Double Jeopardy! Round responses

BORDERING RUSSIA
POP CULTURE PAIRS
GENUS & SPECIES
SIGNS & SYMBOLS
UNUSUAL WORDS
ARTHURIAN LEGEND & HISTORY
    $400 12
Mongolia

Margaret
    $400 23
(Caitlin: Who are the Knicks and the...)

the Knicks & the Nets

MargaretCaitlin
    $400 18
penguin

Adrian
    $400 14
a circle

Adrian
    $400 6
a happy ending

Margaret
    $400 1
the Green Knight

Margaret
    $800 13
[NOTE: "Recorded on January 11, 2022" is displayed.]

Ukraine

Adrian
    $800 24
(Ken: In Monopoly, yes. Less than a minute now.)

Chance & Community Chest

Adrian
    $800 19
(Margaret: What is a sheepdog?)
(Caitlin: What is a hyena?)
...
(Ken: It's a strong anti-sheepdog take from Margaret--this is [*], in fact.)

a jackal

MargaretCaitlin
Triple Stumper
    $800 17
heaven

Caitlin
    $800 7
woods

Margaret
    $7,600 2
(Margaret: I would like to make it a True Daily Double.)
(Ken: Wow!)
(Margaret: I mean, this is my shot, right?)
(Ken: You seem so earnest about it.)
...
[Enthusiastic applause and "Whoo!" from the audience]

Merlin

Margaret
    $1200 28
[The end-of-round signal sounds.]

Georgia

Adrian
    $1200 25
Pikachu

Caitlin
    $1200 20
chimpanzee

Adrian
    $1200 16
ohm

Adrian
    $1200 8
eels

Caitlin
    $1200 3
his shield

Adrian
    $1600 26
[Ken reads the quote in an attempt to imitate Elwood.]

the Blues Brothers

Adrian
    $10,000 21
(Ken: Adrian?)
(Adrian: Uh, what is crocodile?)

the Komodo dragon

Adrian
    $1600 15
oak

Adrian
    $1600 10
a crevasse

Triple Stumper
    $1600 4
Sir Galahad

Margaret
    $2000 27
Lauren Bacall & Humphrey Bogart

Margaret
    $2000 22
a flycatcher

Triple Stumper
    $2000 9
a caduceus

Margaret
    $2000 11
cryptozoology

Margaret
    $2000 5
Cornwall

Adrian

Scores at the end of the Double Jeopardy! Round:

Margaret Caitlin Adrian
$24,000 $5,600 $4,600
(lock game)

[wagering suggestions for these scores]

Final Jeopardy! Round responses

LITERARY CHARACTERS
(Ken: [To Adrian] Dostoyevsky actually was thinking about Prince Myshkin when he wrote this letter, but it was a different novel.)
...
(Ken: [To Margaret] While Dostoyevsky was writing The Idiot, he was thinking about [*], "Beautiful but ridiculous".)
AdrianWho is prince mishkin
$4,600
CaitlinWho is Dorian Gray?
$3,601
MargaretWho is Candide? Candide?
$2,500
Don Quixote

Final scores:

Margaret Caitlin Adrian
$21,500 $1,999 $0
4-day champion: $79,700 2nd place: $2,000 3rd place: $1,000

Game dynamics:

Coryat scores:

Margaret Caitlin Adrian
$16,800 $5,600 $14,600
22 R
(including 2 DDs),
2 W
11 R,
2 W
17 R,
5 W
(including 1 DD)

Combined Coryat: $37,000

[game clues] [game scores] [suggest correction]

Game tape date: 2022-01-11
The J! Archive is created by fans, for fans. Scraping, republication, monetization, and malicious use prohibited; this site may use cookies and collect identifying information. See terms. The Jeopardy! game show and all elements thereof, including but not limited to copyright and trademark thereto, are the property of Jeopardy Productions, Inc. and are protected under law. This website is not affiliated with, sponsored by, or operated by Jeopardy Productions, Inc. Join the discussion at JBoard.tv.